| 000 | 00987cam4a220025300 4500 | ||
|---|---|---|---|
| 001 | qce00419547 | ||
| 005 | 20190826203548.0 | ||
| 008 | 720322s1962 waua b 000 0 eng | ||
| 010 | _a 61014502 /L | ||
| 035 | _a(Sirsi) r107276 | ||
| 035 | _a(QCAT)lss00186290 | ||
| 035 | _a(UPRA)qce00419547 | ||
| 040 | _dUPRA | ||
| 050 | 0 |
_aHQ587.A2 _bS57 |
|
| 100 | 1 |
_aSmith, M. G. (Michael Garfield) _qSmith, M. G. (Michael Garfield) _6A39622.1 |
|
| 245 | 1 | 0 | _aWest Indian family structure. |
| 260 |
_aSeattle : _bUniversity of Washington Press, _c1962. |
||
| 500 | _aAt head of title: The American Ethnological Society, Viola E. Garfield, editor; a monograph from the Research Institute for the Study of Man. | ||
| 504 | _aIncludes bibliographical references. | ||
| 650 | 0 |
_aFamily -- West Indies, British. _zFamily -- West Indies, British. _6S50326.1 |
|
| 710 | 2 |
_aAmerican Ethnological Society. _6A65059.1 |
|
| 949 |
_aHQ587.A2 _wlcc _i-152815 _mMAIN _tBOOK _lON-SHELF |
||
| 004 | 107276 | ||
| 999 |
_c172798 _d172798 |
||